Normal view
MARC view
Entry Personal Name
001 - CONTROL NUMBER
- control field: 39794
003 - CONTROL NUMBER IDENTIFIER
- control field: dpl
005 - DATE AND TIME OF LATEST TRANSACTION
- control field: 20120120105700.0
008 - FIXED-LENGTH DATA ELEMENTS
- fixed length control field: 120120|||a|||||| | ||| d
040 ## - CATALOGING SOURCE
- Original cataloging agency: dpl
- Transcribing agency: dpl
100 ## - HEADING--PERSONAL NAME
- Personal name: Govil, Mamta
670 ## - SOURCE DATA FOUND
- Source citation: Work cat.: (dpl): Govil, Mamta, Monuments, 2011
670 ## - SOURCE DATA FOUND
- Source citation: Work cat.: (dpl): Govil, Mamta, Monuments, 2011
